000
00308nam a22001337a 4500
008
190226b xxu||||| |||| 00| 0 eng d
020
_a
0877545766
041
_a
eng
080
_a
321
100
_a
20
101
_a
SHP
245
_a
World Leaders past & present Stalin
_c
Schlesinger,A.M
942
_2
udc
_c
BK
999
_c
54298
_d
54298